000 00426nam a2200181Ia 4500
001 10436
005 20260306161832.0
008 260306t1993||||xx |||||||||||||| ||spa||
041 _aESP
082 _a928.82
_bS743
100 _aShelden, Michael
_eAUT
245 0 _aOrwell:
_bbiografía autorizada
260 _c1993
300 _a516 páginas :
_c24 cm.
650 _aGEN
654 _aCHU
942 _cLIB
_dJUS
_fJUS
_2ddc
_n
999 _c10436
_d10436